00389nam a2200109Ia 4500008004100000082002100041100002300062245003500085260003900120630002700159650009300186211109s9999||||xx |||||||||||||| ||und|| a494.81203bMAD-A aMadhavan Pillai, C 0aAbinava Malayala Nikandu Vol.1 bNATIONAL BOOKSTALLaKottayamc1977 xReference Reading Room aMalayalam LanguagevAltaic, Uralic, Hyperborean & DravidianxDictionaryLanguageMalayalam